Ladiaci prostriedok pre mikropočítač na báze 80386EX

Gespeichert in:
Bibliographische Detailangaben
1. Verfasser: Kleinert, Peter (Verfasst von)
Weitere Verfasser: Krajčovič, Tibor, 1960- (Betreuung Doktorarbeit)
Format: Manuskript Buch
Sprache:Slowakisch
Veröffentlicht: Bratislava : STU v Bratislave FEI, 2001
Schlagworte:
Tags: Tag hinzufügen
Keine Tags, Fügen Sie das erste Tag hinzu!

MARC

LEADER 00000ntm a22000003a 4500
001 stu73550
005 20150928155937.5
008 020201s2001------------------------slo-d
040 |a STU  |b slo 
041 0 |a slo 
100 1 |a Kleinert, Peter  |4 aut  |u E  |T FEI Fakulta elektrotechniky a informatiky  |U E  |Y 30 
245 1 |a Ladiaci prostriedok pre mikropočítač na báze 80386EX 
260 |a Bratislava :  |b STU v Bratislave FEI,  |c 2001 
300 |a 97 s 
650 7 |a informatika  |2 stusub 
700 1 |a Krajčovič, Tibor,  |d 1960-  |4 ths  |u E220  |U FEI Fakulta elektrotechniky a informatiky  |T FEI Katedra informatiky a výpočtovej techniky  |X 1869  |U E220  |Y 69  |7 1869 
996 |b EDIPL-6826  |c I*DIPL-6826  |l II680  |s A  |a 24  |w stu73550_0001